书目信息 |
| 题名: |
马克思主义哲学原理
|
|
| 作者: | ;教育部社会科学研究与思想政治工作司组 编 | |
| 分册: | ||
| 出版信息: | 北京 高等教育出版社 |
|
| 页数: | ||
| 开本: | ||
| 丛书名: | ||
| 单 册: | ||
| 中图分类: | B0-0 | |
| 科图分类: | ||
| 主题词: | 马克思主义哲学 | |
| 电子资源: | ||
| ISBN: | 7-04-012232-4 | |
| 000 | 00697nam0 2200181 450 | |
| 001 | 0660356672 | |
| 005 | 20061213164706.46 | |
| 010 | @a7-04-012232-4@dCNY10.80 | |
| 100 | @a20061213d km y0chiy0120 ea | |
| 101 | 0 | @achi |
| 102 | @aCN@b110000 | |
| 200 | 1 | @a马克思主义哲学原理@Ama ke si zhu yi zhe xue yuan li@f教育部社会科学研究与思想政治工作司组编@Fjiao yu bu she hui ke xue yan jiu yu si xiang zheng zhi gong zuo si zu bian |
| 210 | @a北京@c高等教育出版社 | |
| 606 | 0 | @a马克思主义哲学 |
| 690 | @aB0-0@v3 | |
| 711 | 0 | @a教育部社会科学研究与思想政治工作司组@Ajiao yu bu she hui ke xue yan jiu yu si xiang zheng zhi gong zuo si zu@4编 |
| 801 | 0 | @aCN@bNISOFT@c20061213 |
| 905 | @a10447@dB0-0@eJ6882 | |
| 马克思主义哲学原理/教育部社会科学研究与思想政治工作司组编.-北京:高等教育出版社 |
| ISBN 7-04-012232-4:CNY10.80 |
| ● |
| 相关链接 |
|
|
|
正题名:马克思主义哲学原理
索取号:B0-0/J6882
 
预约/预借
| 序号 | 登录号 | 条形码 | 馆藏地/架位号 | 状态 | 备注 |
| 1 | 444504 | 204445047 | 社科库509/ [索取号:B0-0/J6882] | 在馆 |